| 000 | 00717nam a2200229Ia 4500 | ||
|---|---|---|---|
| 005 | 20220623142227.0 | ||
| 008 | 210716s2008 xx 000 0 und d | ||
| 020 | _a9788173194733 | ||
| 040 | _cAIMIT LIBRARY | ||
| 041 | _aeng | ||
| 082 |
_a003 _21 _bRAOK |
||
| 100 |
_aRao K Chandrasekhara. _944685 |
||
| 245 |
_aOperations research / _cBy K.Chandrasekhara Rao; Shanti Lata Mishra. |
||
| 250 | _a1st ed. | ||
| 260 |
_aNew Dehli ; _bNarisa Publishing House , _c2008. |
||
| 300 |
_axiv,334 p. ; _c24.5 cm. |
||
| 650 |
_aMathematical background _944686 |
||
| 650 |
_aLinear programming _944687 |
||
| 650 |
_aAssignment problem _944688 |
||
| 700 |
_aMishra, Shanti Lata. _944689 |
||
| 942 |
_2ddc _cBK _e1st _k003 RAOK |
||
| 999 |
_c189137 _d189137 |
||